| 000 | 00402nam a2200157 4500 | ||
|---|---|---|---|
| 999 |
_c507867 _d507867 |
||
| 008 | 190227b ||||| |||| 00| 0 eng d | ||
| 100 |
_aSingh, K.M. _92668 |
||
| 245 |
_aNDRF: _bsaviour in disasters |
||
| 260 | _c2018 | ||
| 300 | _ap.53-59. | ||
| 650 |
_aDisaster relief _92669 |
||
| 650 |
_aNational Disaster Response Force _92670 |
||
| 773 | _aDialogue | ||
| 906 | _aDisasters | ||
| 942 |
_2ddc _cAR |
||